<A> disequilibrium model of real and financial accumulation in an open economy theory, evidence, and policy simulations
Saved in:
| Main Author: | |
|---|---|
| Other Authors: | |
| Format: | Book |
| Language: | English |
| Published: |
Berlin
Springer
1984
|
| Series: | Lecture notes in economics and mathematical systems
236 |
| Tags: |
No Tags, Be the first to tag this record!
|
MARC
| LEADER | 00000nam a2200000 4500 | ||
|---|---|---|---|
| 001 | c110372 | ||
| 005 | 20041019155146.6 | ||
| 041 | 0 | |a eng | |
| 044 | |a DE | ||
| 245 | 1 | 0 | |a <A> disequilibrium model of real and financial accumulation in an open economy |b theory, evidence, and policy simulations |c Giancarlo Gandolfo, Pietro Carlo Padoan |
| 264 | 1 | |a Berlin |b Springer |c 1984 | |
| 300 | |a 172 s. | ||
| 490 | 1 | |a Lecture notes in economics and mathematical systems |v 236 | |
| 830 | 0 | |a Lecture notes in economics and mathematical systems |v 236 | |
| 100 | 1 | |a Gandolfo, Giancarlo | |
| 700 | 1 | |a Padoan, Pietro Carlo | |